Applying modern design and visualisation tools for development of methodological instructions by studying asynchronous engine; Современные техника и технологии; Т. 2

Bibliographische Detailangaben
Parent link:Современные техника и технологии: сборник трудов XIX международной научно-практической конференции студентов, аспирантов и молодых ученых, Томск, 15-19 апреля 2013 г./ Национальный исследовательский Томский политехнический университет (ТПУ).— , 2013
Т. 2.— 2013.— [С. 437-438]
1. Verfasser: Kudryashova V. V.
Weitere Verfasser: Panshin G. L. (научный консультант)
Zusammenfassung:Заглавие с титульного экрана
Sprache:Englisch
Veröffentlicht: 2013
Schriftenreihe:Informatics and control in engineering systems
Schlagworte:
Online-Zugang:http://www.lib.tpu.ru/fulltext/c/2013/C01/V2/214.pdf
Format: MixedMaterials Elektronisch Buchkapitel
KOHA link:https://koha.lib.tpu.ru/cgi-bin/koha/opac-detail.pl?biblionumber=243847

MARC

LEADER 00000naa2a2200000 4500
001 243847
005 20251229163401.0
035 |a (RuTPU)RU\TPU\book\265201 
035 |a RU\TPU\book\265145 
090 |a 243847 
100 |a 20131008d2013 k y0rusy50 ba 
101 0 |a eng 
102 |a RU 
135 |a drnn ---uucaa 
200 1 |a Applying modern design and visualisation tools for development of methodological instructions by studying asynchronous engine  |f V. V. Kudryashova  |g sci. adv. G. L. Panshin 
203 |a Text  |c electronic 
225 1 |a Informatics and control in engineering systems 
300 |a Заглавие с титульного экрана 
320 |a [Библиогр.: с. 438 (5 назв.)] 
337 |a Adobe Reader 
461 1 |0 (RuTPU)RU\TPU\book\263794  |t Современные техника и технологии  |o сборник трудов XIX международной научно-практической конференции студентов, аспирантов и молодых ученых, Томск, 15-19 апреля 2013 г.  |o в 3 т.  |f Национальный исследовательский Томский политехнический университет (ТПУ)   |d 2013 
463 1 |0 (RuTPU)RU\TPU\book\263797  |t Т. 2  |v [С. 437-438]  |d 2013 
610 1 |a труды учёных ТПУ 
610 1 |a электронный ресурс 
700 1 |a Kudryashova  |b V. V. 
702 1 |a Panshin  |b G. L.  |4 695 
801 2 |a RU  |b 63413507  |c 20220316  |g RCR 
856 4 |u http://www.lib.tpu.ru/fulltext/c/2013/C01/V2/214.pdf 
942 |c CF